[Event "ENG-ch Senior 65+"]
[Site "Leamington"]
[Date "2023.05.05"]
[Round "3.17"]
[White "Jerome, Stellio"]
[Black "Robinson, Steve"]
[Result "1/2-1/2"]
[WhiteElo "1518"]
[BlackElo "1297"]
[PlyCount "68"]
[EventDate "2023.05.04"]
[EventType "swiss"]
[EventRounds "7"]
[EventCountry "ENG"]
[SourceTitle "BritBase"]
[Source "John Saunders"]
[SourceDate "2023.05.08"]
[SourceVersion "1"]
[SourceVersionDate "2023.05.08"]
[SourceQuality "1"]

1. f4 Nc6 2. Nf3 d6 3. d4 Bf5 4. a3 g6 5. Nc3 Bg7 6. d5 Na5 7. Nd4 Bd7 8. e3 c5
9. Nf3 c4 10. Bd2 b5 11. Be2 Nf6 12. O-O Qb6 13. Nd4 a6 14. Be1 h5 15. h3 Nb7
16. Bf2 Nc5 17. Bf3 Rb8 18. e4 Qc7 19. Re1 e5 20. dxe6 Nxe6 21. Nxe6 Bxe6 22.
e5 dxe5 23. Rxe5 Rd8 24. Qe2 O-O 25. Rc5 Qxf4 26. Be3 Qg3 27. Bg5 Rd7 28. Rc6
Qxg5 29. Rxe6 fxe6 30. Qxe6+ Kh7 31. Ne4 Qe3+ 32. Kh1 Re8 33. Nxf6+ Bxf6 34.
Qxd7+ Re7 1/2-1/2

[Event "ENG-ch Senior 65+"]
[Site "Leamington"]
[Date "2023.05.06"]
[Round "4.1"]
[White "Littlewood, Paul E"]
[Black "Baker, Chris W"]
[Result "1/2-1/2"]
[WhiteElo "2347"]
[BlackElo "2226"]
[PlyCount "110"]
[EventDate "2023.05.04"]
[EventType "swiss"]
[EventRounds "7"]
[EventCountry "ENG"]
[SourceTitle "BritBase"]
[Source "John Saunders"]
[SourceDate "2023.05.08"]
[SourceVersion "1"]
[SourceVersionDate "2023.05.08"]
[SourceQuality "1"]

1. e4 c6 2. Nc3 d5 3. Nf3 Bg4 4. h3 Bxf3 5. Qxf3 e6 6. d4 Qb6 7. exd5 cxd5 8.
Bb5+ Nc6 9. O-O Bd6 10. Qg4 Kf8 11. Bxc6 Nf6 12. Qf3 bxc6 13. Bf4 Bxf4 14. Qxf4
Qb8 15. Qd2 h5 16. Na4 Ne4 17. Qe3 g6 18. Rfe1 Kg7 19. c3 a5 20. b3 h4 21. Rac1
Rh5 22. c4 Nd6 23. cxd5 Rxd5 24. Rxc6 Nf5 25. Qc3 Rxd4 26. Rc4 Qd6 27. Nc5 e5
28. Ne4 Rxc4 29. Qxc4 Qb4 30. Rc1 Nd4 31. Kf1 Rd8 32. Qc5 Re8 33. Rc4 Qxc5 34.
Rxc5 f5 35. Nc3 e4 36. Rxa5 Rc8 37. Ne2 Nxe2 38. Kxe2 Rc2+ 39. Ke3 Kf6 40. b4
g5 41. a4 Rb2 42. Rb5 g4 43. hxg4 fxg4 44. Rb8 h3 45. gxh3 gxh3 46. b5 Kf5 47.
Rf8+ Kg4 48. Kxe4 Rb4+ 49. Kd5 Rxa4 50. Rh8 Rf4 51. b6 Rxf2 52. b7 Rb2 53. b8=Q
Rxb8 54. Rxb8 h2 55. Rh8 Kg3 1/2-1/2

[Event "ENG-ch Senior 65+"]
[Site "Leamington"]
[Date "2023.05.06"]
[Round "4.2"]
[White "Moore, Geoffrey R"]
[Black "Snape, Ian L"]
[Result "1-0"]
[WhiteElo "1969"]
[BlackElo "2096"]
[PlyCount "153"]
[EventDate "2023.05.04"]
[EventType "swiss"]
[EventRounds "7"]
[EventCountry "ENG"]
[SourceTitle "BritBase"]
[Source "John Saunders"]
[SourceDate "2023.05.08"]
[SourceVersion "1"]
[SourceVersionDate "2023.05.08"]
[SourceQuality "1"]

1. e4 c5 2. Nf3 d6 3. d4 cxd4 4. Nxd4 Nf6 5. Nc3 g6 6. Be3 Bg7 7. f3 O-O 8. Qd2
Nc6 9. O-O-O d5 10. Qe1 e5 11. Nxc6 bxc6 12. exd5 Nxd5 13. Bc4 Be6 14. Ne4 Qc7
15. Bc5 Rfd8 16. Qh4 h6 17. g4 Nf4 18. Bxe6 Nxe6 19. Be3 Nf4 20. Rxd8+ Rxd8 21.
Qf2 Nd5 22. Bc5 Qa5 23. a3 Nb6 24. Rd1 Rd5 25. Bb4 Qb5 26. Nc3 Rxd1+ 27. Kxd1
Qc4 28. b3 Qe6 29. Kc1 f5 30. gxf5 gxf5 31. a4 e4 32. fxe4 fxe4 33. Qe3 Nd5 34.
Nxd5 cxd5 35. Qxa7 e3 36. Be1 d4 37. Qb8+ Kh7 38. Qb5 Qf6 39. Kd1 Kh8 40. a5 d3
41. Qxd3 Qf3+ 42. Kc1 Qf6 43. c3 Qe6 44. Kc2 Qe5 45. b4 Qxh2+ 46. Kb3 Qg1 47.
Qe2 Qg5 48. a6 Qd5+ 49. Ka3 Qa8 50. Qb5 Kg8 51. Qb6 h5 52. a7 Be5 53. Qe6+ Kf8
54. Qxe5 Qxa7+ 55. Kb3 Qf7+ 56. c4 Qf3 57. Qg3 Qd1+ 58. Kc3 e2 59. Qf3+ Kg7 60.
Qf2 Kg6 61. b5 Qa1+ 62. Kb4 Qb2+ 63. Kc5 Qe5+ 64. Kb6 Qd6+ 65. Ka7 Qc7+ 66. Ka6
Qxc4 67. Qg2+ Kh7 68. Qb7+ Kg8 69. Qb8+ Kh7 70. Qa7+ Kg8 71. Qa8+ Kh7 72. Qc6
Qa4+ 73. Kb7 h4 74. Qd7+ Kg8 75. Qe8+ Kh7 76. Qf7+ Kh6 77. Bd2+ 1-0

[Event "ENG-ch Senior 65+"]
[Site "Leamington"]
[Date "2023.05.06"]
[Round "4.3"]
[White "Shephard, Chris Cw"]
[Black "De Coverly, Roger D"]
[Result "0-1"]
[WhiteElo "2189"]
[BlackElo "1945"]
[PlyCount "46"]
[EventDate "2023.05.04"]
[EventType "swiss"]
[EventRounds "7"]
[EventCountry "ENG"]
[SourceTitle "BritBase"]
[Source "John Saunders"]
[SourceDate "2023.05.08"]
[SourceVersion "1"]
[SourceVersionDate "2023.05.08"]
[SourceQuality "1"]

1. e4 e5 2. Nf3 Nc6 3. d4 exd4 4. Bc4 Nf6 5. e5 Ng4 6. O-O Be7 7. Re1 d6 8.
exd6 cxd6 9. Nxd4 O-O 10. Bd5 Nxd4 11. Qxd4 Bf6 12. Qd2 Qb6 13. c3 Bd7 14. Na3
Rae8 15. Rf1 Re7 16. h3 Ne5 17. Qc2 Bc6 18. Be3 Qa6 19. Rad1 b5 20. Qe2 Rb8 21.
Nc2 Be8 22. Nb4 Qc8 23. Bxa7 Rxa7 0-1

[Event "ENG-ch Senior 65+"]
[Site "Leamington"]
[Date "2023.05.06"]
[Round "4.4"]
[White "Erdogan, Hassan"]
[Black "Bowmer, Kevin"]
[Result "0-1"]
[WhiteElo "1831"]
[BlackElo "2093"]
[PlyCount "112"]
[EventDate "2023.05.04"]
[EventType "swiss"]
[EventRounds "7"]
[EventCountry "ENG"]
[SourceTitle "BritBase"]
[Source "John Saunders"]
[SourceDate "2023.05.08"]
[SourceVersion "1"]
[SourceVersionDate "2023.05.08"]
[SourceQuality "1"]

1. d4 Nf6 2. Bg5 d5 3. Nd2 Nbd7 4. e3 g6 5. Ngf3 Bg7 6. Bd3 c5 7. c3 O-O 8. h3
b6 9. O-O Bb7 10. Qb1 Rc8 11. Bf4 Re8 12. Ne5 e6 13. a4 a6 14. Re1 Nh5 15. Bh2
f5 16. Ndf3 Nb8 17. Qa2 Nf6 18. Rac1 Qe7 19. Qa3 Bf8 20. Qa2 Ne4 21. Red1 Nf6
22. b3 Red8 23. Bf4 Qe8 24. Qe2 Be7 25. Re1 Ne4 26. Bxe4 dxe4 27. Nd2 b5 28. f3
exf3 29. Ndxf3 Bd5 30. c4 bxc4 31. bxc4 Ba8 32. Ng5 Bd6 33. dxc5 Bxc5 34. Red1
Nc6 35. Ngf7 Rxd1+ 36. Rxd1 Nxe5 37. Nxe5 Rd8 38. Rxd8 Qxd8 39. Qb2 Qb6 40.
Qxb6 Bxb6 41. Nd7 Ba7 42. Kf2 Bc6 43. Bb8 Bxd7 44. Bxa7 Bxa4 45. g4 Kf7 46. g5
e5 47. h4 Ke6 48. Bb8 Bb3 49. c5 Bd5 50. Ke2 a5 51. Kd2 a4 52. Kc2 Bc6 53. Kb2
Kd5 54. Kc3 Ke4 55. Kd2 f4 56. exf4 exf4 0-1

[Event "ENG-ch Senior 65+"]
[Site "Leamington"]
[Date "2023.05.06"]
[Round "4.5"]
[White "Daniels, David W"]
[Black "Clark, Robert G"]
[Result "0-1"]
[WhiteElo "1621"]
[BlackElo "2080"]
[PlyCount "46"]
[EventDate "2023.05.04"]
[EventType "swiss"]
[EventRounds "7"]
[EventCountry "ENG"]
[SourceTitle "BritBase"]
[Source "John Saunders"]
[SourceDate "2023.05.08"]
[SourceVersion "1"]
[SourceVersionDate "2023.05.08"]
[SourceQuality "1"]

1. d4 Nf6 2. Nf3 c5 3. c4 cxd4 4. Nxd4 e5 5. Nb5 d5 6. cxd5 Bc5 7. e3 O-O 8. d6
Nc6 9. Be2 Bf5 10. O-O a6 11. N5a3 b5 12. Nd2 Bxd6 13. b3 Qe7 14. Nc2 Rfd8 15.
Bb2 Nb4 16. Ne1 Rac8 17. Ndf3 Bc7 18. Qc1 Ba5 19. Bc3 Ne4 20. Bxb4 Bxb4 21. Qb1
Bg6 22. Bd3 Nc3 23. Qc2 e4 0-1

[Event "ENG-ch Senior 65+"]
[Site "Leamington"]
[Date "2023.05.06"]
[Round "4.6"]
[White "Myall, Ivan J"]
[Black "Bray, Dave J"]
[Result "1/2-1/2"]
[WhiteElo "1924"]
[BlackElo "1989"]
[PlyCount "63"]
[EventDate "2023.05.04"]
[EventType "swiss"]
[EventRounds "7"]
[EventCountry "ENG"]
[SourceTitle "BritBase"]
[Source "John Saunders"]
[SourceDate "2023.05.08"]
[SourceVersion "1"]
[SourceVersionDate "2023.05.08"]
[SourceQuality "1"]

1. e4 c5 2. Nf3 e6 3. c3 Nf6 4. e5 Nd5 5. d4 cxd4 6. cxd4 Nc6 7. a3 d6 8. Bd3
Be7 9. O-O O-O 10. Qe2 a6 11. Nc3 Nxc3 12. bxc3 d5 13. a4 Bd7 14. Ba3 Bxa3 15.
Rxa3 Qe7 16. Raa1 Rfc8 17. a5 Na7 18. h4 h6 19. Rfc1 Bb5 20. Bxb5 Nxb5 21. c4
dxc4 22. Rxc4 Rc7 23. Rac1 Rac8 24. Qd3 Qd8 25. Rxc7 Rxc7 26. Rxc7 Qxc7 27. d5
exd5 28. Qxd5 Nc3 29. Qb3 Ne2+ 30. Kh2 Nd4 31. Qd5 Nxf3+ 32. gxf3 1/2-1/2

[Event "ENG-ch Senior 65+"]
[Site "Leamington"]
[Date "2023.05.06"]
[Round "4.7"]
[White "Goodwin, Ed H"]
[Black "Hutchinson, Paul A"]
[Result "1/2-1/2"]
[WhiteElo "1817"]
[BlackElo "2005"]
[PlyCount "101"]
[EventDate "2023.05.04"]
[EventType "swiss"]
[EventRounds "7"]
[EventCountry "ENG"]
[SourceTitle "BritBase"]
[Source "John Saunders"]
[SourceDate "2023.05.08"]
[SourceVersion "1"]
[SourceVersionDate "2023.05.08"]
[SourceQuality "1"]

1. d4 d5 2. c4 e6 3. Nc3 Nf6 4. cxd5 exd5 5. Bg5 c6 6. e3 h6 7. Bh4 Bf5 8. Qf3
Bh7 9. Bxf6 Qxf6 10. Qxf6 gxf6 11. O-O-O Nd7 12. Bd3 Bxd3 13. Rxd3 h5 14. h4 f5
15. Nge2 Bd6 16. Nf4 Nf6 17. g3 Ne4 18. Nxe4 fxe4 19. Rb3 O-O-O 20. Ne2 Rh6 21.
Kd2 a5 22. a3 b5 23. Rc3 Kb7 24. Ra1 Rf6 25. Nf4 Rf5 26. Rc2 Kb6 27. Ke2 b4 28.
axb4 Bxb4 29. Rac1 Rd6 30. Kf1 Rh6 31. Ke2 Rff6 32. Kf1 Rd6 33. Kg2 Rd8 34. Kf1
Kb7 35. Kg2 Bd6 36. Kf1 Ra8 37. Ne2 Ra6 38. Kg2 Rb6 39. Kf1 Rh8 40. Nc3 Ra8 41.
Na4 Rba6 42. Kg2 Kc7 43. Nc5 Bxc5 44. Rxc5 Kd7 45. Ra1 a4 46. Rc3 Rb8 47. Rca3
Rxb2 48. Rxa4 Rab6 49. Ra7+ Ke6 50. R7a6 Kf6 51. Rxb6 1/2-1/2

[Event "ENG-ch Senior 65+"]
[Site "Leamington"]
[Date "2023.05.06"]
[Round "4.8"]
[White "Raynes, Paul"]
[Black "Bellers, Chris JV"]
[Result "1-0"]
[WhiteElo "2077"]
[BlackElo "1900"]
[PlyCount "84"]
[EventDate "2023.05.04"]
[EventType "swiss"]
[EventRounds "7"]
[EventCountry "ENG"]
[SourceTitle "BritBase"]
[Source "John Saunders"]
[SourceDate "2023.05.08"]
[SourceVersion "1"]
[SourceVersionDate "2023.05.08"]
[SourceQuality "1"]

1. d4 g6 2. e4 Bg7 3. Nc3 c5 4. d5 d6 5. f4 Nf6 6. Bb5+ Nfd7 7. a4 O-O 8. Nf3
Na6 9. O-O Nc7 10. Qe1 a6 11. Bd3 Rb8 12. f5 b5 13. axb5 axb5 14. Qh4 b4 15.
Nd1 Nf6 16. Bh6 Bd7 17. Ng5 Nce8 18. Ne3 c4 19. Bxc4 Qb6 20. Rf3 Qd4 21. Rd1
Qxb2 22. Bxg7 Kxg7 23. Rh3 h5 24. Rg3 Rh8 25. fxg6 fxg6 26. Nf5+ Kf8 27. Nd4
Ng7 28. Rb3 Qa2 29. Rxb4 Qa7 30. Rxb8+ Qxb8 31. Kh1 Ke8 32. Nc6 Qb7 33. c3 Bxc6
34. dxc6 Qxc6 35. Bf7+ Kd8 36. Bxg6 Kc7 37. Qf4 Qb5 38. Nf3 Ne6 39. Qe3 Ra8 40.
Nd4 Qc4 41. Bf7 Ng4 42. Qe1 Ra2 1-0

[Event "ENG-ch Senior 65+"]
[Site "Leamington"]
[Date "2023.05.06"]
[Round "4.9"]
[White "Hutchinson, Norman A"]
[Black "Neatherway, A Philip"]
[Result "1-0"]
[WhiteElo "1968"]
[BlackElo "1739"]
[PlyCount "23"]
[EventDate "2023.05.04"]
[EventType "swiss"]
[EventRounds "7"]
[EventCountry "ENG"]
[SourceTitle "BritBase"]
[Source "John Saunders"]
[SourceDate "2023.05.08"]
[SourceVersion "1"]
[SourceVersionDate "2023.05.08"]
[SourceQuality "1"]

1. e4 d5 2. exd5 Qxd5 3. Nc3 Qa5 4. d4 Nf6 5. Nf3 Bf5 6. Bc4 e6 7. Ne5 c6 8. g4
Be4 9. O-O Bb4 10. Nxe4 Nxe4 11. Qe2 Nf6 12. Nxf7 1-0

[Event "ENG-ch Senior 65+"]
[Site "Leamington"]
[Date "2023.05.06"]
[Round "4.10"]
[White "Clancy, Martin J"]
[Black "McNally, Richard J E"]
[Result "1/2-1/2"]
[WhiteElo "1706"]
[BlackElo "1891"]
[PlyCount "83"]
[EventDate "2023.05.04"]
[EventType "swiss"]
[EventRounds "7"]
[EventCountry "ENG"]
[SourceTitle "BritBase"]
[Source "John Saunders"]
[SourceDate "2023.05.08"]
[SourceVersion "1"]
[SourceVersionDate "2023.05.08"]
[SourceQuality "1"]

1. e4 e5 2. Nf3 Nc6 3. Bb5 Nf6 4. Qe2 Bc5 5. c3 d6 6. h3 O-O 7. O-O Nh5 8. d4
Bb6 9. Rd1 Qf6 10. Be3 Nf4 11. Bxf4 Qxf4 12. Qe3 Qxe3 13. fxe3 h6 14. Na3 f5
15. exf5 Bxf5 16. Nc4 Bxh3 17. Nxb6 axb6 18. dxe5 Bg4 19. Bxc6 bxc6 20. exd6
cxd6 21. Rxd6 Bxf3 22. gxf3 Rxf3 23. Rxc6 Ra5 24. Rxb6 Rg5+ 25. Kh2 Rf2+ 26.
Kh1 Rgg2 27. a4 h5 28. Rb4 Rh2+ 29. Kg1 Rfg2+ 30. Kf1 Rc2 31. Kg1 h4 32. Rg4
Rxb2 33. a5 h3 34. a6 Ra2 35. Rxa2 Rxa2 36. Rh4 Rxa6 37. Rxh3 Ra2 38. Kf1 Rc2
39. e4 Kf7 40. Re3 Ke6 41. e5 Ra2 42. Ke1 1/2-1/2

[Event "ENG-ch Senior 65+"]
[Site "Leamington"]
[Date "2023.05.06"]
[Round "4.11"]
[White "Hall, Alan A"]
[Black "Tucker, David S"]
[Result "0-1"]
[WhiteElo "1747"]
[BlackElo "1909"]
[PlyCount "72"]
[EventDate "2023.05.04"]
[EventType "swiss"]
[EventRounds "7"]
[EventCountry "ENG"]
[SourceTitle "BritBase"]
[Source "John Saunders"]
[SourceDate "2023.05.08"]
[SourceVersion "1"]
[SourceVersionDate "2023.05.08"]
[SourceQuality "1"]

1. d4 c5 2. d5 Nf6 3. Nc3 g6 4. e4 d6 5. Nf3 Bg7 6. Be2 O-O 7. O-O Na6 8. h3
Nc7 9. a4 b6 10. Bf4 Bb7 11. Qd2 a6 12. Bh6 e6 13. Bxg7 Kxg7 14. Bc4 b5 15.
axb5 axb5 16. Bxb5 Nxb5 17. Nxb5 Nxe4 18. Qd3 exd5 19. Nd2 Nxd2 20. Qxd2 Ba6
21. c4 d4 22. Ra5 Bxb5 23. Rxb5 Rb8 24. f4 Rxb5 25. cxb5 Re8 26. Rf3 Qb6 27. f5
f6 28. fxg6 hxg6 29. Qf4 d5 30. h4 Re4 31. Qg3 c4 32. h5 d3+ 33. Kh2 g5 34. Rf2
d2 35. Qf3 d1=Q 36. Qxd1 Qxf2 0-1

[Event "ENG-ch Senior 65+"]
[Site "Leamington"]
[Date "2023.05.06"]
[Round "4.12"]
[White "Barton, R Alan"]
[Black "Waldock, Adrian Dp"]
[Result "1/2-1/2"]
[WhiteElo "1840"]
[BlackElo "1686"]
[PlyCount "63"]
[EventDate "2023.05.04"]
[EventType "swiss"]
[EventRounds "7"]
[EventCountry "ENG"]
[SourceTitle "BritBase"]
[Source "John Saunders"]
[SourceDate "2023.05.08"]
[SourceVersion "1"]
[SourceVersionDate "2023.05.08"]
[SourceQuality "1"]

1. Nf3 d5 2. d4 Nf6 3. Bf4 e6 4. e3 Bd6 5. Bg3 b6 6. Nbd2 Bb7 7. Bd3 c5 8. c3
O-O 9. Ne5 Qc7 10. Qf3 Nbd7 11. Nxd7 Qxd7 12. Bh4 Be7 13. Qh3 g6 14. Nf3 Qd8
15. Ne5 Ne4 16. Bxe7 Qxe7 17. f4 f5 18. Bxe4 dxe4 19. Qg3 cxd4 20. exd4 Rf6 21.
h4 Qg7 22. Qe3 h5 23. a4 Qc7 24. c4 Rd8 25. O-O Kh7 26. Rfd1 Rff8 27. b3 Rg8
28. g3 Rg7 29. Rac1 Qd6 30. Rd2 Rc7 31. Rcd1 Qb4 32. Kf2 1/2-1/2

[Event "ENG-ch Senior 65+"]
[Site "Leamington"]
[Date "2023.05.06"]
[Round "4.13"]
[White "Morris, Nigel W"]
[Black "Baguley, John"]
[Result "0-1"]
[WhiteElo "1363"]
[BlackElo "1811"]
[PlyCount "100"]
[EventDate "2023.05.04"]
[EventType "swiss"]
[EventRounds "7"]
[EventCountry "ENG"]
[SourceTitle "BritBase"]
[Source "John Saunders"]
[SourceDate "2023.05.08"]
[SourceVersion "1"]
[SourceVersionDate "2023.05.08"]
[SourceQuality "1"]

1. Nf3 d6 2. d4 g6 3. e4 Nf6 4. Nc3 Bg7 5. h3 O-O 6. Be3 e5 7. d5 Bd7 8. Qd2
Ne8 9. Bh6 f5 10. Bxg7 Kxg7 11. O-O-O fxe4 12. Nxe4 Bf5 13. Neg5 h6 14. Ne6+
Bxe6 15. dxe6 Nc6 16. Bc4 Nf6 17. Rhe1 Qe7 18. Nh4 Nh5 19. Nf3 Nf4 20. Nh2 Nxe6
21. g3 a6 22. c3 Ng5 23. h4 Nf3 24. Nxf3 Rxf3 25. Bd5 Rf6 26. f4 Rd8 27. Qg2
Qd7 28. fxe5 Nxe5 29. Bxb7 Qb5 30. Bxa6 Qxa6 31. Rxe5 Qxa2 32. Re7+ Kf8 33.
Rxc7 Rb8 34. Qc2 Qa5 35. Rc6 Qe5 36. Qd3 Qa5 37. Rxd6 Qa1+ 38. Qb1 Qxb1+ 39.
Kxb1 Ke7 40. Rxf6 Kxf6 41. c4 Kf5 42. Rd4 Ke5 43. Rf4 Rb3 44. c5 Rxg3 45. Rc4
Kd5 46. c6 Kxc4 47. c7 Kb3 48. Kc1 Rg1+ 49. Kd2 Rg2+ 50. Kd3 Rc2 0-1

[Event "ENG-ch Senior 65+"]
[Site "Leamington"]
[Date "2023.05.06"]
[Round "4.14"]
[White "Pollyn, Stephen M"]
[Black "Carpenter, David J"]
[Result "1-0"]
[WhiteElo "1791"]
[BlackElo "1497"]
[PlyCount "83"]
[EventDate "2023.05.04"]
[EventType "swiss"]
[EventRounds "7"]
[EventCountry "ENG"]
[SourceTitle "BritBase"]
[Source "John Saunders"]
[SourceDate "2023.05.08"]
[SourceVersion "1"]
[SourceVersionDate "2023.05.08"]
[SourceQuality "1"]

1. e4 g6 2. d4 Bg7 3. Nc3 d6 4. Bg5 h6 5. Bf4 Nf6 6. Qd2 h5 7. O-O-O O-O 8. h3
b6 9. f3 Bb7 10. Nge2 Na6 11. g4 c5 12. d5 Nc7 13. Ng3 h4 14. Nge2 b5 15. Qe1
b4 16. Na4 Nb5 17. Bd2 Qa5 18. b3 Nd7 19. Qxh4 Bf6 20. Bg5 Bxg5+ 21. Qxg5 Rfe8
22. h4 Nf6 23. h5 Nh7 24. Qh6 g5 25. f4 f6 26. fxg5 fxg5 27. Qe6+ Kh8 28. Qf7
Qc7 29. Ng3 Rf8 30. Qg6 Rf6 31. Bxb5 Rg8 32. e5 Rfxg6 33. hxg6 Rxg6 34. Bd3 Rg7
35. Nf5 Rf7 36. e6 Rf6 37. Nxe7 Qxe7 38. Rxh7+ Qxh7 39. Bxh7 Bxd5 40. Rxd5 Kxh7
41. Rxd6 Rf8 42. Nxc5 1-0

[Event "ENG-ch Senior 65+"]
[Site "Leamington"]
[Date "2023.05.06"]
[Round "4.16"]
[White "Jerome, Stellio"]
[Black "Seymour, Paul"]
[Result "1/2-1/2"]
[WhiteElo "1518"]
[BlackElo "1599"]
[PlyCount "140"]
[EventDate "2023.05.04"]
[EventType "swiss"]
[EventRounds "7"]
[EventCountry "ENG"]
[SourceTitle "BritBase"]
[Source "John Saunders"]
[SourceDate "2023.05.08"]
[SourceVersion "1"]
[SourceVersionDate "2023.05.08"]
[SourceQuality "1"]

1. f4 d5 2. Nf3 c5 3. e3 Nc6 4. Bb5 Bd7 5. Nc3 Nf6 6. O-O a6 7. Bxc6 Bxc6 8. b3
e6 9. Bb2 Be7 10. Ne2 O-O 11. Ng3 Rc8 12. d3 b5 13. Qe1 Bb7 14. f5 Qb6 15. fxe6
fxe6 16. Ne5 Rc7 17. Qe2 d4 18. e4 Bd6 19. Ng4 Be7 20. Bc1 Nxg4 21. Rxf8+ Bxf8
22. Qxg4 e5 23. Bg5 Qg6 24. Qh4 Rf7 25. Nf5 Bc8 26. Ne7+ Bxe7 27. Bxe7 Rf4 28.
Rf1 Rxf1+ 29. Kxf1 c4 30. Bc5 Qf7+ 31. Ke2 cxd3+ 32. cxd3 Qf6 33. Qxf6 gxf6 34.
Kf3 Kf7 35. g4 Kg6 36. Be7 a5 37. h4 Be6 38. g5 fxg5 39. hxg5 a4 40. bxa4 bxa4
41. a3 Bb3 42. Bf6 Bd1+ 43. Kf2 Bc2 44. Ke2 Bb3 45. Bxe5 Kxg5 46. Bxd4 Kf4 47.
Bc5 Ke5 48. Ke3 Ba2 49. d4+ Ke6 50. Kf4 Bb3 51. Kg5 Bc2 52. Kf4 Bb3 53. d5+
Bxd5 54. exd5+ Kxd5 55. Bb4 Kc6 56. Kg5 Kb7 57. Kh6 Ka8 58. Kxh7 Kb7 59. Kg7
Kc6 60. Kf7 Kb7 61. Ke6 Kc6 62. Bf8 Kb7 63. Kd7 Ka8 64. Kc6 Ka7 65. Kb5 Kb7 66.
Kxa4 Ka6 67. Bc5 Kb7 68. Ka5 Ka8 69. Ka6 Kb8 70. Bd6+ Ka8 1/2-1/2

[Event "ENG-ch Senior 65+"]
[Site "Leamington"]
[Date "2023.05.06"]
[Round "4.17"]
[White "Robinson, Steve"]
[Black "Selley, Susan A"]
[Result "0-1"]
[WhiteElo "1297"]
[BlackElo "1353"]
[PlyCount "74"]
[EventDate "2023.05.04"]
[EventType "swiss"]
[EventRounds "7"]
[EventCountry "ENG"]
[SourceTitle "BritBase"]
[Source "John Saunders"]
[SourceDate "2023.05.08"]
[SourceVersion "1"]
[SourceVersionDate "2023.05.08"]
[SourceQuality "1"]

1. Nc3 d6 2. Nf3 g6 3. h4 Nf6 4. e4 Nc6 5. d4 Bg4 6. Qd3 Bg7 7. Be3 O-O 8. Nh2
Bd7 9. f3 Nb4 10. Qd2 Nh5 11. Ne2 a5 12. O-O-O Nxa2+ 13. Kb1 Nb4 14. Bh6 e5 15.
g4 Bxh6 16. Qxh6 Nf6 17. dxe5 dxe5 18. h5 Qe7 19. hxg6 fxg6 20. g5 Nh5 21. Ng4
Bxg4 22. fxg4 Nf4 23. Ng3 Ne6 24. Bc4 Rf7 25. Nf5 Qc5 26. b3 b5 27. Rd7 Raf8
28. Qxh7+ Rxh7 29. Bxe6+ Rhf7 30. Bxf7+ Rxf7 31. Nh6+ Kf8 32. Rxf7+ Ke8 33. Rh2
Qg1+ 34. Kb2 Qxh2 35. Rxc7 Qd2 36. Rc3 Qd4 37. Ng8 a4 0-1

[Event "ENG-ch Senior 65+"]
[Site "Leamington"]
[Date "2023.05.07"]
[Round "5.1"]
[White "De Coverly, Roger D"]
[Black "Littlewood, Paul E"]
[Result "0-1"]
[WhiteElo "1945"]
[BlackElo "2347"]
[PlyCount "114"]
[EventDate "2023.05.04"]
[EventType "swiss"]
[EventRounds "7"]
[EventCountry "ENG"]
[SourceTitle "BritBase"]
[Source "John Saunders"]
[SourceDate "2023.05.08"]
[SourceVersion "1"]
[SourceVersionDate "2023.05.08"]
[SourceQuality "1"]

1. Nf3 Nf6 2. g3 b5 3. Bg2 Bb7 4. d3 c5 5. e4 d6 6. O-O e6 7. Nbd2 Be7 8. c3
O-O 9. Re1 Nc6 10. a3 a5 11. d4 d5 12. e5 Nd7 13. Nf1 b4 14. axb4 axb4 15. Rxa8
Qxa8 16. h4 Qa5 17. Bd2 Qa2 18. Qc1 cxd4 19. cxd4 Rc8 20. Qb1 Qxb1 21. Rxb1 Ra8
22. Ne3 Ra2 23. Bf1 Ba6 24. Bxa6 Rxa6 25. Rc1 Kf8 26. b3 Ke8 27. Kf1 Kd8 28.
Ke1 Kc7 29. Kd1 Kb6 30. Nc2 Ra2 31. Rb1 Kb5 32. Bg5 f6 33. exf6 gxf6 34. Be3
Bd8 35. Ra1 Rxa1+ 36. Nxa1 e5 37. Nc2 Nf8 38. Ke2 Ne6 39. dxe5 fxe5 40. Nd2 e4
41. Bh6 Bb6 42. f4 Ncd4+ 43. Kd1 Nxc2 44. Kxc2 Nd4+ 45. Kd1 Nf5 46. Bg5 Nxg3
47. Ke1 h5 48. Nf1 Nf5 49. Bf6 Kc6 50. Ke2 Kd7 51. Kd2 Ke6 52. Bg5 Bd4 53. Bd8
Bc3+ 54. Kd1 d4 55. Nd2 Ne3+ 56. Ke2 Kf5 57. Bc7 Nd5 0-1

[Event "ENG-ch Senior 65+"]
[Site "Leamington"]
[Date "2023.05.07"]
[Round "5.2"]
[White "Bowmer, Kevin"]
[Black "Moore, Geoffrey R"]
[Result "1-0"]
[WhiteElo "2093"]
[BlackElo "1969"]
[PlyCount "111"]
[EventDate "2023.05.04"]
[EventType "swiss"]
[EventRounds "7"]
[EventCountry "ENG"]
[SourceTitle "BritBase"]
[Source "John Saunders"]
[SourceDate "2023.05.08"]
[SourceVersion "1"]
[SourceVersionDate "2023.05.08"]
[SourceQuality "1"]

1. e4 c5 2. Nf3 d6 3. d4 cxd4 4. Nxd4 Nf6 5. Nc3 g6 6. Be3 Bg7 7. Qd2 O-O 8. f3
Nc6 9. O-O-O d5 10. exd5 Nxd5 11. Nxc6 bxc6 12. Bd4 Nxc3 13. Qxc3 Bh6+ 14. Be3
Bxe3+ 15. Qxe3 Qc7 16. Bc4 Rb8 17. h4 Qb6 18. Qxb6 axb6 19. Rhe1 Re8 20. b4 Rb7
21. Kb2 Rc7 22. c3 h5 23. a4 Kg7 24. Re2 Kf6 25. Rd4 e5 26. Rd6+ Be6 27. Bxe6
Rxe6 28. Red2 Rxd6 29. Rxd6+ Ke7 30. Rd2 f6 31. Kb3 g5 32. g3 gxh4 33. gxh4 Ke6
34. a5 bxa5 35. bxa5 Ra7 36. Kb4 Ra6 37. Rd8 Kf5 38. Rh8 Kg6 39. Rb8 Kf5 40.
Rb6 Ra8 41. Rxc6 Rf8 42. Rc4 Rb8+ 43. Kc5 Rc8+ 44. Kb5 Rb8+ 45. Ka6 Ke6 46. Ka7
Rb5 47. a6 f5 48. Rb4 Rxb4 49. cxb4 e4 50. fxe4 f4 51. Kb6 f3 52. a7 f2 53.
a8=Q f1=Q 54. Qd5+ Ke7 55. Qg5+ Ke8 56. Qb5+ 1-0

[Event "ENG-ch Senior 65+"]
[Site "Leamington"]
[Date "2023.05.07"]
[Round "5.3"]
[White "Baker, Chris W"]
[Black "Page, Mark E"]
[Result "1-0"]
[WhiteElo "2226"]
[BlackElo "2044"]
[PlyCount "143"]
[EventDate "2023.05.04"]
[EventType "swiss"]
[EventRounds "7"]
[EventCountry "ENG"]
[SourceTitle "BritBase"]
[Source "John Saunders"]
[SourceDate "2023.05.08"]
[SourceVersion "1"]
[SourceVersionDate "2023.05.08"]
[SourceQuality "1"]

1. d4 Nf6 2. Nf3 g6 3. c4 Bg7 4. g3 d6 5. Bg2 O-O 6. O-O Nbd7 7. Nc3 e5 8. b3
exd4 9. Nxd4 Re8 10. Bb2 Nc5 11. Qc2 c6 12. Rad1 Qe7 13. Qc1 h5 14. Qa1 Bd7 15.
b4 Nce4 16. Nxe4 Nxe4 17. Nf5 Bxf5 18. Bxg7 f6 19. Bh6 g5 20. f4 g4 21. Bxe4
Bxe4 22. f5 d5 23. c5 a5 24. Bf4 axb4 25. Bd6 Qg7 26. Qb2 Kh7 27. Rd4 Qg5 28.
Bf4 Qxf5 29. Rxb4 Qe6 30. Rxb7+ Kg6 31. Bc1 h4 32. Qd2 Rh8 33. Qf4 hxg3 34.
Qxg3 Rh3 35. Qc7 Rg8 36. Bf4 d4 37. Qd6 Bd5 38. Re7 Qxd6 39. cxd6 Rd8 40. Bg3
Rxg3+ 41. hxg3 Rxd6 42. a4 c5 43. Rc7 c4 44. Rf4 Be6 45. Rf2 Ra6 46. Rf4 d3 47.
exd3 cxd3 48. Rd4 d2 49. Rxd2 Rxa4 50. Rc6 Re4 51. Kf2 Bc4 52. Rb6 Kf5 53. Rb4
Ke5 54. Ra4 Bd5 55. Ra5 Rd4 56. Re2+ Re4 57. Re3 f5 58. Rd3 Rd4 59. Ke3 Re4+
60. Kf2 Rd4 61. Rxd4 Kxd4 62. Ra4+ Kd3 63. Ra7 Kd4 64. Re7 Kd3 65. Re5 Be4 66.
Ra5 Kd2 67. Ra7 Kd3 68. Rd7+ Kc4 69. Ke3 Kc5 70. Rd8 Bb1 71. Kf4 Be4 72. Ke5
1-0